00971cam a22002775a 45000010009000000050017000090080041000260200025000670400033000920820019001251000025001442450056001692500012002252600046002373000035002835000024003185000032003425040041003746500037004156500040004526510010004926530025005029420008005279990017005359520141005521802625020160222114520.0140131s2014 enka frb 001 0 eng d a9781137326003 (pbk.) aDLCbengcDLCdDLCdEG-ScBUE04a658.8222bCHA1 aChaston, Ian.93940610aSmall business marketing management /cIan Chaston. a2nd ed. aBasingstoke :bPalgrave Macmillan,c2014. axiii, 296 p. :bill. ;c24 cm. aIndex : p. 287-296. aOnline resources available. aIncludes bibliographical references. 0aSmall business marketing.2BUEsh 7aMarketingxManagement.2BUEsh93301 2BUEsh bBUSADMcFebruary2016 2ddc c21207d21179 00102ddc40708AcademicaMAINbMAINc1STd2016-02-22ePurchaseg420.00h4873l0o658.8 CHAp000031636r2025-07-15 00:00:00v525.00yBB